Элементный состав солевых образований из природных пресных вод как индикатор экологической безопасности водопользования: автореферат диссертации на соискание учёной степени кандидата геолого-минералогических наук; спец. 25.00.36

التفاصيل البيبلوغرافية
المؤلف الرئيسي: Арынова Ш. Ж. Шынар Жаныбековна
مؤلف مشترك: Национальный исследовательский Томский политехнический университет (ТПУ) Институт природных ресурсов (ИПР) Кафедра геоэкологии и геохимии (ГЭГХ)
مؤلفون آخرون: Рихванов Л. П. Леонид Петрович (научный руководитель)
الملخص:Заглавие с титульного экрана
Электронная версия печатной публикации
اللغة:الروسية
منشور في: Томск, 2017
الموضوعات:
الوصول للمادة أونلاين:http://earchive.tpu.ru/handle/11683/41293
التنسيق: MixedMaterials الكتروني كتاب
KOHA link:https://koha.lib.tpu.ru/cgi-bin/koha/opac-detail.pl?biblionumber=329859

MARC

LEADER 00000nlm0a2200000 4500
001 329859
005 20231102004214.0
035 |a (RuTPU)RU\TPU\book\355627 
035 |a RU\TPU\book\354477 
090 |a 329859 
100 |a 20170322d2017 k y0rusy50 ca 
101 0 |a rus 
102 |a RU 
105 |a a dm 000zy 
135 |a drcn ---uucaa 
181 0 |a i  
182 0 |a b 
200 1 |a Элементный состав солевых образований из природных пресных вод как индикатор экологической безопасности водопользования  |b Электронный ресурс  |e автореферат диссертации на соискание учёной степени кандидата геолого-минералогических наук  |e спец. 25.00.36  |f Ш. Ж. Арынова  |g Национальный исследовательский Томский политехнический университет (ТПУ) ; науч. рук. Л. П. Рихванов 
203 |a Текст  |c электронный 
210 |a Томск  |d 2017 
215 |a 1 файл (922 KB) 
230 |a Электронные текстовые данные (1 файл : 922 KB) 
300 |a Заглавие с титульного экрана 
300 |a Электронная версия печатной публикации 
452 1 |0 (RuTPU)RU\TPU\book\358437  |t Элементный состав солевых образований из природных пресных вод как индикатор экологической безопасности водопользования  |o автореферат диссертации на соискание ученой степени кандидата геолого-минералогических наук  |o спец. 25.00.36  |f Ш. Ж. Арынова  |g Национальный исследовательский Томский политехнический университет (ТПУ) ; науч. рук. Л. П. Рихванов  |c Томск  |n [Б. и.]  |d 2017  |p 22 с.  |a Арынова, Шынар Жаныбековна 
606 1 |a Воды природные  |x Содержание солей  |2 stltpush  |3 (RuTPU)RU\TPU\subj\3207  |9 31660 
606 1 |a Гидроэкология  |2 stltpush  |3 (RuTPU)RU\TPU\subj\38873  |9 59123 
610 1 |a электронный ресурс 
610 1 |a авторефераты диссертаций 
610 1 |a труды учёных ТПУ 
610 1 |a элементный состав 
610 1 |a солевые образования 
610 1 |a пресные воды 
610 1 |a экологическая безопасность 
610 1 |a водопользование 
610 1 |a солеобразования 
610 1 |a физико-географические особенности 
610 1 |a геологические характеристики 
610 1 |a экологические характеристики 
610 1 |a пресные воды 
610 1 |a заболеваемость 
610 1 |a накипь 
675 |a 556.114(04)  |v 3 
675 |a 504.4(04)  |v 3 
686 |a 25.00.36  |2 oksvnk 
700 1 |a Арынова  |b Ш. Ж.  |g Шынар Жаныбековна 
702 1 |a Рихванов  |b Л. П.  |c геолог  |c профессор Томского политехнического университета, доктор геолого-минералогических наук  |c заслуженный геолог РФ  |c почетный работник высшего образования РФ  |f 1945-  |g Леонид Петрович  |2 stltpush  |3 (RuTPU)RU\TPU\pers\23187  |4 727 
712 0 2 |a Национальный исследовательский Томский политехнический университет (ТПУ)  |b Институт природных ресурсов (ИПР)  |b Кафедра геоэкологии и геохимии (ГЭГХ)  |h 259  |2 stltpush  |3 (RuTPU)RU\TPU\col\18658 
801 2 |a RU  |b 63413507  |c 20180109  |g RCR 
856 4 |u http://earchive.tpu.ru/handle/11683/41293 
942 |c CF